000 00685nam a2200217 a 4500
005 20210219160447.0
008 081109s2000 mx r 000 0 spa d
020 _a9291430609
035 _aUPN01000165897
049 _aUNE
080 _a378.1 (7/8) =20 "2000" GAR No. 16.
100 1 _aGarcía Guadilla, Carmen
245 1 0 _aComparative higher education in Latin America: Quantitative aspects /
_cCarmen García Guadilla.
260 _aCaracas, Venezuela :
_bIESALC,
_c2000.
300 _a157 p. ;
_bil.
440 0 _aColección respuestas ;
_v16.
690 _aEnseñanza superior
690 _aAnálisis comparativo
690 _aAnálisis cuantitativo
905 _aUNESCO
999 _c138009
_d138009